20 Richest Asian Countries by GDP per capita - Statistics

General Stats
  • This quiz has been taken 564 times
  • The average score is 17 of 20
Answer Stats
Rank USD per capita $ Country % Correct
10 37,390 Japan
98%
1 143,427 Qatar
97%
6 52,183 Saudi Arabia
97%
2 82,762 Singapore
97%
11 35,277 South Korea
97%
5 64,479 United Arab Emirates
95%
4 71,020 Kuwait
94%
7 51,714 Bahrain
92%
12 32,691 Israel
92%
9 39,681 Oman
91%
8 45,854 Taiwan
91%
3 73,233 Brunei
88%
15 24,654 Malaysia
88%
17 19,610 Turkey
87%
20 14,354 Thailand
84%
16 24,020 Kazakhstan
71%
14 24,805 Russia
65%
18 17,615 Azerbaijan
62%
19 14,383 Maldives
62%
13 30,769 Cyprus
56%
No matching quizzes found
Score Distribution
Percent of People with Each Score
Percentile by Number Answered
Your Score History
You have not taken this quiz